Entraîneurs français par image - Statistiques

Statistiques générales
  • Ce quiz a été pris 75 fois
  • Le résultat moyen est 13 sur 18
Statistiques - réponses
Par images Réponse % Correct
Didier Deschamps
100%
Zinedine Zidane
99%
Laurent Blanc
93%
Patrick Vieira
92%
Hervé Renard
90%
Christophe Galtier
89%
Arsène Wenger
87%
Rudi Garcia
86%
Antoine Kombouaré
83%
Guy Roux
83%
Aimé Jacquet
79%
Bruno Génésio
73%
Franck Haise
66%
Claude Puel
63%
Paul Le Guen
46%
Régis Le Bris
46%
Jean-Claude Suaudeau
23%
Albert Batteux
6%
Aucun quiz correspondant
Distribution des résultats
% des personnes avec chaque résultat
Percentile par nombre de réponses
Votre historique - résultats
Vous n’avez pas pris ce quiz